|
|
|
|
| LEADER |
00000nab a2200000 a 4500 |
| 001 |
vtls000613257 |
| 003 |
SK-MaSNL |
| 005 |
20260305012418.0 |
| 008 |
160401c1997 xo 0 slo |
| 015 |
|
|
|a SNBRB19rr/mm-uuuuu
|
| 035 |
|
|
|a CL0613396
|
| 040 |
|
|
|a SNKBUCL
|b slo
|c SNKBUCL
|e AACR2
|
| 041 |
0 |
|
|a slo
|
| 044 |
|
|
|a xo
|c SK
|
| 080 |
|
|
|a 323(430):622(430):331.892
|2 1981
|
| 080 |
|
|
|a 622(430)
|2 1981
|
| 080 |
|
|
|a 331.892
|2 1981
|
| 080 |
|
|
|a 331.892(430)
|2 1981
|
| 100 |
1 |
|
|a Záborská, Štefánia
|4 aut
|9 1589375
|
| 245 |
1 |
0 |
|a Čakanie na schôdzku s Kohlom
|c Štefánia Záborská
|
| 650 |
0 |
7 |
|a vnútorná politika
|2 snkbucl
|9 970
|
| 650 |
0 |
7 |
|a baníci
|2 snkbucl
|9 29899
|
| 650 |
0 |
7 |
|a štrajky
|2 snkbucl
|9 4756
|
| 651 |
|
7 |
|a Nemecko
|2 snkbucl
|9 21020
|
| 655 |
|
7 |
|a články z novín a časopisov
|2 snkbucl
|9 267496
|
| 773 |
0 |
|
|t Pravda
|g Roč. 7, č. 60 (13. 3. 1997), s. 1
|
| 850 |
|
|
|a Slovenská národná knižnica v Martine
|a MTA001
|
| 852 |
|
|
|a SNK
|b KIS3GCP
|
| 958 |
|
|
|a DE
|
| 958 |
|
|
|a RK
|
| 958 |
|
|
|a RBX
|
| 999 |
|
|
|c 3257421
|d 3259351
|